000 00277nam a22001097a 4500
040 _cSY
082 _a630
100 _aស៊ុន សូរិទ្ធ
245 _aការគ្រប់គ្រងកសិដ្ឋាន
260 _aRUA
_bស៊ុន
_cNA
942 _cKB
999 _c9774
_d9774